Schedule caste in Indian society / (Record no. 81080)

MARC details
000 -LEADER
fixed length control field 00633nam a22001937a 4500
005 - DATE AND TIME OF LATEST TRANSACTION
control field 20140224143035.0
010 ## - LCCN (DPL NO)
LC control number ENG-108746
020 ## - INTERNATIONAL STANDARD BOOK NUMBER
Terms of availability 575.00
International Standard Book Number 9788192426556
035 ## - SYSTEM CONTROL NUMBER
System control number EN-92279
037 ## - SOURCE OF ACQUISITION
Source of stock number/acquisition DBAD/PUB
082 ## - DEWEY DECIMAL CLASSIFICATION NUMBER
Classification number 305.56880954
100 ## - MAIN ENTRY--PERSONAL NAME
Personal name Das, A.K.
245 ## - TITLE STATEMENT
Title Schedule caste in Indian society /
Statement of responsibility, etc by A.K. Das
260 ## - PUBLICATION, DISTRIBUTION, ETC. (IMPRINT)
Place of publication, distribution, etc New Delhi
Name of publisher, distributor, etc Gaurav Book Distributors
Date of publication, distribution, etc 2013
270 ## - ADDRESS
Address H No. 45,Ground floor, Shivaji Marg, Gali No. 5, Kartar Nagar
City Delhi
Postal code 110053
300 ## - PHYSICAL DESCRIPTION
Extent viii,184p.
Dimensions 22cm(Hb)
500 ## - GENERAL NOTE
General note Includes bibliographical references and lndex
942 ## - ADDED ENTRY ELEMENTS (KOHA)
Source of classification or shelving scheme Dewey Decimal Classification
Item type English Books
Call number suffix DAS
Classification part 305.56880954
Holdings
Withdrawn status Lost status Not for loan Collection code Home library Current library Date acquired Source of acquisition Cost, normal purchase price Full call number Barcode Copy number Cost, replacement price Koha item type
    Not For Loan Non-fiction D.B.Act.Division D.B.Act.Division 06/12/2013 DBAD/PUB 575.00 305.56880954 DAS EN-92279 1 575.00 English Books

© Delhi Public Library
Hit Counter
free hit counter